Introduction to electricity and magnetism / (Record no. 2580)

MARC details
000 -LEADER
fixed length control field 00568nam a22001937a 4500
005 - DATE AND TIME OF LATEST TRANSACTION
control field 20260325094329.0
008 - FIXED-LENGTH DATA ELEMENTS--GENERAL INFORMATION
fixed length control field 260325b |||||||| |||| 00| 0 eng d
020 ## - INTERNATIONAL STANDARD BOOK NUMBER
International Standard Book Number 978-93-95337-11-3
082 ## - DEWEY DECIMAL CLASSIFICATION NUMBER
Classification number 537 B335 2023
100 ## - MAIN ENTRY--PERSONAL NAME
Personal name Batt, Bashir Ahmed
9 (RLIN) 445
245 ## - TITLE STATEMENT
Title Introduction to electricity and magnetism /
Statement of responsibility, etc. Bashir Ahmed Batt
250 ## - EDITION STATEMENT
Edition statement 1st ed.
260 ## - PUBLICATION, DISTRIBUTION, ETC.
Place of publication, distribution, etc. New Delhi, IN:
Name of publisher, distributor, etc. Paradise Press,
Date of publication, distribution, etc. c2023
300 ## - PHYSICAL DESCRIPTION
Extent x, 269p.:
Other physical details ill.
504 ## - BIBLIOGRAPHY, ETC. NOTE
Bibliography, etc. note Includes bibliographies and index
541 ## - IMMEDIATE SOURCE OF ACQUISITION NOTE
Accession number 7986 c.1
650 ## - SUBJECT ADDED ENTRY--TOPICAL TERM
Topical term or geographic name entry element Electricity
9 (RLIN) 424
650 ## - SUBJECT ADDED ENTRY--TOPICAL TERM
Topical term or geographic name entry element Magnetism
9 (RLIN) 426
Holdings
Withdrawn status Lost status Source of classification or shelving scheme Damaged status Not for loan Home library Current library Date acquired Total Checkouts Full call number Barcode Date last seen Copy number Price effective from Koha item type
    Dewey Decimal Classification     ctu-moalboal ctu-moalboal 06/20/2024   537 B335 2023 7986 03/25/2026 1 03/25/2026 Books-Reference